Một thoáng Việt nam = Vietnam at a glimpse /

Saved in:
Bibliographic Details
Main Author: Sơn Nam
Other Authors: Phạm Xuân Thảo
Format: Book (Paper)
Language:Vietnamese
Published: Tp. HCM : Trẻ, 1998
Edition:Tái bản lần thứ nhất có sửa chữa bổ sung
Tags: Add Tag
No Tags, Be the first to tag this record!
Institutions: Thư viện Trường Đại học Đà Lạt
LEADER 00777nam a2200301 4500
001 DLU030023706
003 ##DLU
005 ##20021230
008 ##021230t vn z000 vie d
040 # # |a DLU  |b vie 
041 # # |a vie 
044 # # |a vn 
082 # # |a 911.597  |b SO-N 
100 # # |a Sơn Nam 
245 # # |a Một thoáng Việt nam =   |b Vietnam at a glimpse /  |c Sơn Nam, Phạm Xuân Thảo 
250 # # |a Tái bản lần thứ nhất có sửa chữa bổ sung 
260 # # |a Tp. HCM :  |b Trẻ,  |c 1998 
300 # # |a 231 tr. ;  |c 19 cm 
700 # # |a Phạm Xuân Thảo 
992 # # |a 21500 
994 # # |a DLU 
900 # # |a True 
911 # # |a Phan Ngọc Đông 
925 # # |a G 
926 # # |a A 
927 # # |a SH 
980 # # |a Thư viện Trường Đại học Đà Lạt